El juez y la prueba estudio de la errn̤ea recepcin̤ del brocardo "iudex iudicare debet secundum allegata et probata, non secundum conscientiam" y su repercusin̤ actual /

Detalles Bibliográficos
Autor principal: Pic ̤i Junoy, Joan
Otros Autores: Cachn̤ Cadenas, Manuel (prol)
Formato: Desconocido
Lenguaje:español
Publicado: Barcelona : BOSCH EDITOR, 2007
Materias:
Acceso en línea:Acceso restringido

MARC

LEADER 00000ny a22000003n 4500
005 2011062807127.0
006 m u
007 cr cn|||||||||
008 200805r20072008sp |||||s|||||||||||spa d
020 |a 9788476987988 
035 |a 2164 
040 |a FlNmELB  |c FlNmELB  |d vLex 
050 1 4 |a K2146  |b P585 2007eb 
080 |a 347.962:34.038 
090 |c 1160  |d 1160 
100 1 |a Pic ̤i Junoy, Joan 
245 1 3 |a El juez y la prueba  |h [Recurso electrn̤ico]  |b estudio de la errn̤ea recepcin̤ del brocardo "iudex iudicare debet secundum allegata et probata, non secundum conscientiam" y su repercusin̤ actual /  |c Joan Pic ̤i Junoy; prologuista, Manuel Cachn̤ Cadenas 
256 |a Servicio en ln̕ea 
260 |a Barcelona :  |b BOSCH EDITOR,  |c 2007 
300 |a [9]-304 p 
506 1 |a Contenido solo disponible en los productos indicados  |d vLex Global  |d vLex Global (Academic Edition, excluding Law Schools)  |d vLex Global (U.S. Academic Edition, Law Schools)  |d vLex Global (U.S. Academic Edition, excluding Law Schools)  |d vLex Global (Academic Edition, Law Schools) 
650 0 7 |a Prueba  |2 Tesauro vLex 
650 0 7 |a Procesal  |2 Tesauro vLex 
650 0 7 |a Escuela de medicina legal  |2 Tesauro vLex 
650 0 7 |a Invalidez Permanente Admitida  |2 Tesauro vLex 
650 0 7 |a Valoracin̤ de la prueba  |2 Tesauro vLex 
700 1 |a Cachn̤ Cadenas, Manuel,   |e prol 
740 0 |a vLex Libros (Servicios en ln̕ea) 
856 4 0 |u http://vlex.com/source/2164  |z Acceso restringido 
942 |c BOOK